Majlis Sambutan Maal Hijrah 1424 : Kesejahteraan Keluarga tuntutan ummah bhg 2 [

Bibliographic Details
Format: Book
Published: Bangi : Inspen , 2003
Subjects:

MARC

LEADER 00000cam a2200000 7i4500
001 0000018093
005 20061205.0
040 |a INS 
090 0 0 |a BD175 2003 
245 0 0 |a Majlis Sambutan Maal Hijrah 1424 :   |b Kesejahteraan Keluarga tuntutan ummah bhg 2 [  |h electronic resource] 
260 |a Bangi :   |b Inspen ,   |c 2003 
300 |a 1video disc(VCD) :   |b sd.,col. ;   |c 12 cm. 
650 0 0 |a Islam   |x Rituals 
999 |a VCD0000018   |b DIGITAL VIDEO CD   |c Media Collection   |e Default branch